Groupe de soirée - Pays - Statistiques

Statistiques générales
  • Ce quiz a été pris 332 fois
  • Le résultat moyen est 6 sur 12
Statistiques - réponses
Hint Explanation Réponse % Correct
Avec Sofia, elles sont inséparables Sofia, capitale de la Bulgarie Bulgarie
81%
Reine du tango Le tango est originaire d'Argentine Argentine
75%
Préfère jouer aux jeux vidéo que venir en soirée La Corée du Sud est une des nations les plus performantes dans le domaine des jeux vidéo Corée du Sud
67%
"Rien qu'une dernière margarita" La margarita est d'origine mexicaine Mexique
58%
Essaie de reconquérir tous ses ex La Russie a pour objectif de recouvrer certaines possessions de l'URSS Russie
57%
Jamais sans sa vodka La vodka est généralement associée à la Pologne ou la Russie Pologne
54%
Prend tous les paris possibles tout du long de la soirée Paris, capitale de la France France
51%
Roi de la salsa La salsa est d'origine cubaine Cuba
47%
A des vues sur le grand Dan le grand Dan = le grand Danemark = le Groenland États-Unis
36%
Nouveau surnom de Soizic Soizic débute de la même manière que Swaziland Eswatini
32%
A le Prix de la gamberge Prix de la gamberge = Prix Nobel Suède
23%
Détient la palme du plus grand nombre de "Nickel!" en 1 heure L'Indonésie est le premier producteur mondial d'huile de palme et de nickel Indonésie
13%
Aucun quiz correspondant
Distribution des résultats
% des personnes avec chaque résultat
Percentile par nombre de réponses
Votre historique - résultats
Vous n’avez pas pris ce quiz